000 00768nam a2200217Ia 4500
001 9261
003 GE_BSU
008 181216s||||||||xx |||||||||||||| ||und||
040 _cGE_BSU
080 _a692+624.902
100 _aЛенович,Е.Е. Ленович,Л.Е.
245 _aРасчет и конструирование частей гражданских зданий.
245 _cРед. К.Бергер. А.Тепляков.
250 _aИзд. шестое, стереотипное.
260 _aКиев.
260 _bГосстройиздат.
260 _c1960.
300 _a687 стр. с илл. 22 см.
653 _aРасчет и конструирование частей гражданских зданий.
942 _cBK
999 _c42562
_d42562